Statistics for Anime: Yuri on Ice Skaters and Coaches

Click here to take the quiz!

General Stats

  • This quiz has been taken 109 times
  • The average score is 10 of 18

Answer Stats

HintAnswer% Correct
KatsukiYuuri
98%
NikiforovViktor
97%
PlisetskyYuri
97%
GiacomettiChristophe
74%
LeroyJean-Jacques
69%
AtlinOtabek
63%
CrispinoMichele
48%
ChulanontPhichit
48%
De La IglesiaLeo
47%
Gil LeeSeung
47%
NenjirouMinami
43%
FeltsmanYakov
43%
BabichevaMila
42%
PopovichGeorgi
41%
Hong JiGuang
41%
NekolaEmil
39%
BaranovskayaLilia
36%
CialdiniCelestino
27%

Score Distribution

Percentile by Number Answered

Percent of People with Each Score

Your Score History

You have not taken this quiz